[Event "4NCL/Div2b/FCA1 vs. CELT1"]
[Site "Sunningdale ENG"]
[Date "2008.10.05"]
[Round "2.5"]
[White "Majer, Chris E"]
[Black "French, Angus"]
[Result "1-0"]
[WhiteElo "2091"]
[BlackElo "2131"]
[PlyCount "69"]
[EventDate "2008.10.05"]
[SourceDate "2008.10.04"]

1. e4 Nf6 2. e5 Nd5 3. d4 d6 4. Bc4 Nb6 5. Bb3 Nc6 6. e6 fxe6 7. Nf3 Nd5 8. c3
g6 9. h4 Nf6 10. Ng5 d5 11. h5 gxh5 12. Rxh5 e5 13. Rxh7 Rxh7 14. Nxh7 Be6 15.
Nxf8 Kxf8 16. dxe5 Nxe5 17. Qd4 Qd6 18. Bc2 Nc6 19. Qf4 Kf7 20. Qxd6 exd6 21.
Nd2 Rh8 22. b3 Ne5 23. Bb2 Rh1+ 24. Ke2 Rh2 25. Rg1 Nh5 26. Nf3 Nf4+ 27. Kf1
Nxf3 28. gxf3 Rh5 29. Bc1 Bh3+ 30. Ke1 Re5+ 31. Be3 Ng2+ 32. Ke2 Nxe3 33. fxe3
Bd7 34. Kf2 Rh5 35. Bg6+ 1-0

[Event "4NCL/Div2b/FCA1 vs. CELT1"]
[Site "Sunningdale ENG"]
[Date "2008.10.05"]
[Round "2.6"]
[White "Mueller, Jan"]
[Black "Freeman, Richard C P"]
[Result "1-0"]
[WhiteElo "2081"]
[BlackElo "2082"]
[PlyCount "83"]
[EventDate "2008.10.05"]
[SourceDate "2008.10.04"]

1. d4 g6 2. c4 Bg7 3. Nc3 d6 4. e4 e5 5. d5 Ne7 6. Be3 Nd7 7. Bd3 O-O 8. Nge2
f5 9. f3 Nf6 10. b4 f4 11. Bf2 g5 12. c5 Ng6 13. Rc1 Rf7 14. cxd6 cxd6 15. a4
g4 16. Nb5 b6 17. Rc6 Ne8 18. Nec3 gxf3 19. gxf3 Bd7 20. Bc4 Bf8 21. h4 Rg7 22.
h5 Nh8 23. Ke2 Nf7 24. Rg1 Qf6 25. Qf1 Qh6 26. Rh1 Rg5 27. a5 a6 28. Nc7 Bxc6
29. dxc6 Nxc7 30. axb6 d5 31. exd5 Nd6 32. Bb3 Ncb5 33. Nxb5 axb5 34. b7 Re8
35. Bc5 e4 36. fxe4 Nxe4 37. d6+ Kh8 38. Qa1+ Bg7 39. d7 Ng3+ 40. Kd3 Rge5 41.
Qxe5 Rxe5 42. b8=Q+ 1-0

[Event "4NCL/Div2b/FCA1 vs. CELT1"]
[Site "Sunningdale ENG"]
[Date "2008.10.05"]
[Round "2.7"]
[White "Williamson, Kevin J"]
[Black "Josse, Mark"]
[Result "1/2-1/2"]
[WhiteElo "2026"]
[BlackElo "2010"]
[PlyCount "111"]
[EventDate "2008.10.05"]
[SourceDate "2008.10.04"]

1. d4 d5 2. Nf3 Nf6 3. e3 Bf5 4. c4 c6 5. Qb3 Qb6 6. c5 Qc7 7. Bd3 Bxd3 8. Qxd3
Nbd7 9. Nc3 e5 10. Nxe5 Nxe5 11. dxe5 Qxe5 12. Qd4 Nd7 13. b4 g6 14. Bb2 Qxd4
15. exd4 Bg7 16. O-O-O O-O-O 17. Rhe1 Rhe8 18. Nb1 Nf6 19. f3 Kd7 20. Kd2 Bh6+
21. Kd3 Rxe1 22. Rxe1 Re8 23. Rxe8 Nxe8 24. Bc3 Bf4 25. g3 Bc7 26. Bd2 Ng7 27.
Nc3 Ne6 28. Ne2 Ke7 29. b5 h5 30. a4 Kf6 31. bxc6 bxc6 32. h3 Ng5 33. Bxg5+
Kxg5 34. Ke3 Kf5 35. f4 g5 36. fxg5 Kxg5 37. Kf3 h4 38. gxh4+ Kxh4 39. Nf4 Bb8
40. Nd3 a5 41. Kg2 Bg3 42. Nc1 Be1 43. Ne2 Bd2 44. Ng1 Be3 45. Nf3+ Kh5 46. Kf1
f6 47. Ke2 Bf4 48. Kf2 Kg6 49. Nh4+ Kg5 50. Kf3 Bc1 51. Ng2 Bd2 52. h4+ Kf5 53.
Ke2 Bc1 54. Kf3 Bd2 55. Ke2 Bc1 56. Kf3 1/2-1/2

[Event "4NCL/Div2b/FCA1 vs. CELT1"]
[Site "Sunningdale ENG"]
[Date "2008.10.05"]
[Round "2.8"]
[White "Owens, Megan"]
[Black "Evans, Helen"]
[Result "1-0"]
[WhiteElo "1783"]
[BlackElo "1745"]
[PlyCount "69"]
[EventDate "2008.10.05"]
[SourceDate "2008.10.04"]

1. d4 d6 2. Nf3 Bg4 3. c4 Nd7 4. Qb3 Rb8 5. e3 e5 6. Nbd2 Ngf6 7. Qc2 g6 8. b3
Bg7 9. Bb2 Bf5 10. e4 Bg4 11. dxe5 dxe5 12. Nxe5 Nxe5 13. Bxe5 O-O 14. f3 Bd7
15. Rd1 Nh5 16. Bxg7 Nxg7 17. g3 Qe7 18. c5 f5 19. Bc4+ Kh8 20. Bd3 fxe4 21.
Bxe4 Bb5 22. Kf2 Qf6 23. Nf1 Ne6 24. h4 Rbe8 25. Kg2 Nxc5 26. Qxc5 Rxe4 27.
fxe4 Qf3+ 28. Kh3 Bc6 29. Nh2 Qf6 30. Ng4 Qf7 31. Rhf1 Qxf1+ 32. Rxf1 Rxf1 33.
Qd4+ Kg8 34. Qc4+ Kh8 35. Qxf1 1-0

[Event "4NCL/Div2b/FCA1 vs. WES1"]
[Site "Hinckley Island ENG"]
[Date "2008.12.06"]
[Round "3.1"]
[White "Reuben, Stewart"]
[Black "Lock, Gavin R"]
[Result "1/2-1/2"]
[WhiteElo "2117"]
[BlackElo "2252"]
[PlyCount "70"]
[EventDate "2008.12.06"]
[SourceDate "2008.10.04"]

1. c4 c6 2. b3 d5 3. Bb2 Nf6 4. Nf3 Bf5 5. d3 e6 6. Nbd2 Nbd7 7. Qc2 Bc5 8. e3
h6 9. Be2 a5 10. O-O Qe7 11. Ne5 O-O 12. e4 dxe4 13. Nxe4 Nxe5 14. Bxe5 Bxe4
15. dxe4 Nd7 16. Bc3 e5 17. Rad1 Nf6 18. Rd2 Bb4 19. Bf3 Nd7 20. Rfd1 Nc5 21.
Qb2 f6 22. a3 Bxc3 23. Qxc3 Rfd8 24. Rxd8+ Rxd8 25. Qxa5 Rxd1+ 26. Bxd1 Nxe4
27. Bc2 Nc5 28. Bg6 Ne6 29. b4 Qd7 30. g3 Qd1+ 31. Kg2 Nf4+ 32. gxf4 Qg4+ 33.
Kf1 Qd1+ 34. Kg2 Qg4+ 35. Kf1 Qd1+ 1/2-1/2

[Event "4NCL/Div2b/FCA1 vs. WES1"]
[Site "Hinckley Island ENG"]
[Date "2008.12.06"]
[Round "3.2"]
[White "Rutter, Nicholas"]
[Black "Tippleston, Charles"]
[Result "1/2-1/2"]
[WhiteElo "2177"]
[BlackElo "2177"]
[PlyCount "86"]
[EventDate "2008.12.06"]
[SourceDate "2008.10.04"]

1. e4 c5 2. Nf3 e6 3. d4 cxd4 4. Nxd4 Nf6 5. Nc3 Nc6 6. Ndb5 d6 7. Bf4 e5 8.
Bg5 a6 9. Na3 b5 10. Bxf6 gxf6 11. Nd5 f5 12. c3 Bg7 13. exf5 Bxf5 14. Nc2 O-O
15. Nce3 Bd7 16. Bd3 f5 17. Bc2 Rb8 18. Qh5 e4 19. Nf4 Qe8 20. Bb3+ Kh8 21. Rd1
Qxh5 22. Nxh5 Be5 23. g3 Na5 24. Nf4 b4 25. O-O bxc3 26. bxc3 Nxb3 27. axb3
Rxb3 28. c4 Rc8 29. Rd5 Bc6 30. Ra5 Bb7 31. Rd1 Rf8 32. Rc1 Bc8 33. Rd1 Rb8 34.
Ned5 Rf7 35. c5 dxc5 36. Rxc5 Bb7 37. Ne3 Re8 38. Nh5 Bb8 39. Rxf5 Rxf5 40.
Nxf5 Rf8 41. Nh6 e3 42. Nf7+ Kg8 43. Nh6+ Kh8 1/2-1/2

[Event "4NCL/Div2b/FCA1 vs. WES1"]
[Site "Hinckley Island ENG"]
[Date "2008.12.06"]
[Round "3.3"]
[White "Almond, Richard"]
[Black "Neil, David R"]
[Result "0-1"]
[WhiteElo "2138"]
[BlackElo "2165"]
[PlyCount "66"]
[EventDate "2008.12.06"]
[SourceDate "2008.10.04"]

1. d4 Nf6 2. c4 g6 3. Nf3 Bg7 4. Nc3 d6 5. e4 O-O 6. Be2 e5 7. O-O Na6 8. Be3
c6 9. h3 Qe7 10. d5 c5 11. Qd2 Nh5 12. a3 f5 13. Bg5 Nf6 14. exf5 gxf5 15. Rfe1
Qf7 16. Nh2 Qg6 17. f4 e4 18. Nf1 Bd7 19. Rab1 Rae8 20. Bd1 h6 21. Bh4 Nh5 22.
Bxh5 Qxh5 23. Bf2 Kh7 24. Nb5 Bxb5 25. cxb5 Nc7 26. a4 Rg8 27. Kh1 Re7 28. Ne3
Bd4 29. Rbd1 Reg7 30. Rg1 Nxd5 31. Nxd5 Rxg2 32. Nf6+ Bxf6 33. Rxg2 Qxh3+ 0-1

[Event "4NCL/Div2b/FCA1 vs. WES1"]
[Site "Hinckley Island ENG"]
[Date "2008.12.06"]
[Round "3.4"]
[White "Simons, Martin J"]
[Black "Habershon, Paul"]
[Result "1/2-1/2"]
[WhiteElo "2237"]
[BlackElo "2120"]
[PlyCount "89"]
[EventDate "2008.12.06"]
[SourceDate "2008.10.04"]

1. Nc3 d5 2. e4 d4 3. Nce2 Nf6 4. e5 Ne4 5. c3 dxc3 6. bxc3 Nc5 7. d4 Ne6 8. g3
Qd5 9. f3 f6 10. exf6 exf6 11. Qb3 Qxb3 12. axb3 c6 13. Nh3 Na6 14. Bg2 Nac7
15. c4 Bb4+ 16. Bd2 Na6 17. Ra4 Bxd2+ 18. Kxd2 Bd7 19. Ra3 O-O-O 20. Nf2 Kb8
21. Kc3 Nac7 22. Ne4 Bc8 23. f4 Rhe8 24. Ra2 Nf8 25. Rd2 Bf5 26. Nf2 Re3+ 27.
Kb2 h5 28. Nd1 Rd3 29. Rxd3 Bxd3 30. Nc1 Bg6 31. Kc3 Re8 32. Nf2 Na6 33. Nfd3
Kc7 34. Re1 Rxe1 35. Nxe1 Kd6 36. Ncd3 Nc7 37. Nc5 b6 38. Ne4+ Bxe4 39. Bxe4 g6
40. Nf3 f5 41. Bd3 Nd7 42. Nh4 Nf8 43. Nf3 Nd7 44. Nh4 Nf8 45. Nf3 1/2-1/2

[Event "4NCL/Div2b/FCA1 vs. WES1"]
[Site "Hinckley Island ENG"]
[Date "2008.12.06"]
[Round "3.5"]
[White "Smith, Graham"]
[Black "Yeo, Michael J"]
[Result "1-0"]
[WhiteElo "2085"]
[BlackElo "2103"]
[PlyCount "55"]
[EventDate "2008.12.06"]
[SourceDate "2008.10.04"]

1. e4 e5 2. Nf3 Nc6 3. Bb5 f5 4. d3 Nf6 5. Nc3 Bc5 6. O-O d6 7. Bg5 h6 8. Bxf6
Qxf6 9. Nd5 Qd8 10. b4 Bb6 11. Bc4 fxe4 12. dxe4 Bg4 13. Qd3 Rf8 14. Nd2 Nd4
15. Rae1 Qg5 16. Re3 Nxc2 17. Qxc2 Bxe3 18. Nxe3 O-O-O 19. Rc1 Kb8 20. Bf1 c6
21. b5 Rc8 22. Qb2 cxb5 23. Rb1 Bd7 24. Bxb5 Bxb5 25. Qxb5 Rc7 26. Ndc4 Rd8 27.
Nd5 Rf7 28. Nxd6 1-0

[Event "4NCL/Div2b/FCA1 vs. WES1"]
[Site "Hinckley Island ENG"]
[Date "2008.12.06"]
[Round "3.6"]
[White "Jenks, Bruce"]
[Black "Majer, Chris E"]
[Result "0-1"]
[WhiteElo "2145"]
[BlackElo "2091"]
[PlyCount "80"]
[EventDate "2008.12.06"]
[SourceDate "2008.10.04"]

1. Nf3 Nf6 2. d4 c5 3. c4 cxd4 4. Nxd4 e5 5. Nb5 d5 6. cxd5 Bc5 7. e3 O-O 8.
Be2 Nxd5 9. O-O Nc6 10. a3 Be6 11. b4 Bb6 12. N1c3 Rc8 13. Bb2 f6 14. Bf3 Nce7
15. Qe2 Nxc3 16. Nxc3 Bc4 17. Qc2 Bxf1 18. Rxf1 Qc7 19. Qe4 Rb8 20. a4 a6 21.
Rc1 Rfc8 22. Bg4 Rd8 23. a5 Bxa5 24. bxa5 Qxa5 25. h4 Rd2 26. Rc2 Rxc2 27. Qxc2
b5 28. Qb3+ Kh8 29. Qf7 Qb4 30. h5 Ng8 31. Qc7 Rf8 32. Be6 Qxb2 33. Nd5 Qb1+
34. Kh2 Qe4 35. Qd6 Re8 36. Qd7 Qh4+ 37. Kg1 Qxh5 38. Bf7 Qd1+ 39. Kh2 Re7 40.
Qf5 Rxf7 0-1

[Event "4NCL/Div2b/FCA1 vs. WES1"]
[Site "Hinckley Island ENG"]
[Date "2008.12.06"]
[Round "3.7"]
[White "Weighell, Mark"]
[Black "de Coverly, Roger"]
[Result "0-1"]
[WhiteElo "2120"]
[BlackElo "2062"]
[PlyCount "98"]
[EventDate "2008.12.06"]
[SourceDate "2008.10.04"]

1. e4 e5 2. Nc3 Nc6 3. Bc4 Nf6 4. d3 Bc5 5. a3 d6 6. Na4 Bb6 7. Nxb6 axb6 8. f4
Bg4 9. Qd2 exf4 10. Qxf4 Qe7 11. Be3 O-O 12. Nf3 Rae8 13. Kf2 Be6 14. Bxe6 fxe6
15. Qg3 d5 16. exd5 Nxd5 17. Qg5 Qd7 18. Rhe1 Rf5 19. Qg3 Nxe3 20. Rxe3 Nd4 21.
Rc1 Ref8 22. c3 Nxf3 23. gxf3 R8f6 24. Rce1 Rg6 25. Qh3 Rh6 26. Qg2 Rfh5 27.
Rh1 Rg6 28. Qf1 Qd6 29. h3 Qg3+ 30. Ke2 Qg2+ 31. Qxg2 Rxg2+ 32. Kf1 Rxb2 33.
Rxe6 Kf7 34. Re2 Rb1+ 35. Re1 Rb3 36. Rc1 Ra5 37. Rh2 Raxa3 38. Rhc2 c6 39. Ke2
b5 40. d4 b4 41. cxb4 Re3+ 42. Kf2 Rxf3+ 43. Kg2 Rg3+ 44. Kf2 Rxh3 45. b5 Rh2+
46. Kg1 Rxc2 47. Rxc2 Rd3 48. bxc6 bxc6 49. Rc4 Ke7 0-1

[Event "4NCL/Div2b/FCA1 vs. WES1"]
[Site "Hinckley Island ENG"]
[Date "2008.12.06"]
[Round "3.8"]
[White "Moore, Gillian A"]
[Black "Gist, Elizabeth"]
[Result "1-0"]
[WhiteElo "1976"]
[BlackElo "1720"]
[PlyCount "119"]
[EventDate "2008.12.06"]
[SourceDate "2008.10.04"]

1. d4 d5 2. e3 Nf6 3. Bd3 Nc6 4. f4 Nb4 5. Nf3 Nxd3+ 6. cxd3 Bg4 7. O-O e6 8.
Qb3 Rb8 9. Ne5 Bf5 10. Nc3 Bd6 11. Nb5 a6 12. Nxd6+ cxd6 13. Nf3 Ng4 14. Bd2
O-O 15. h3 Nh6 16. a4 Qf6 17. Rac1 Qg6 18. Nh4 Qg3 19. Nxf5 Nxf5 20. Rf3 Qg6
21. Be1 f6 22. Qb6 Rfd8 23. Kh2 Qe8 24. e4 Ne7 25. Qb3 Nc6 26. Bc3 dxe4 27.
dxe4 d5 28. e5 Qg6 29. Re1 f5 30. Qd1 b5 31. Ree3 b4 32. Be1 a5 33. Rg3 Qh6 34.
Rg5 g6 35. Rd3 Rd7 36. g4 Rf8 37. gxf5 Rxf5 38. Qg4 Rdf7 39. Rxf5 Rxf5 40. Bd2
Qf8 41. h4 Kh8 42. Be3 Ne7 43. Rd1 Rh5 44. Rc1 Nf5 45. Bf2 Nh6 46. Qf3 g5 47.
Rc5 Qxf4+ 48. Qxf4 gxf4 49. Kh3 Nf5 50. Rxa5 Kg7 51. Ra8 Kf7 52. a5 f3 53. a6
Nxh4 54. Kg4 Kg6 55. a7 Nf5 56. Kxf3 Rh3+ 57. Kg2 Rb3 58. Rg8+ Ng7 59. a8=Q
Rxb2 60. Qb7 1-0

[Event "4NCL/Div2b/KHE vs. SWD2"]
[Site "Hinckley Island ENG"]
[Date "2008.12.06"]
[Round "3.1"]
[White "Kwiatkowski, Feliks J"]
[Black "Brown, Alan M"]
[Result "1-0"]
[WhiteElo "2219"]
[BlackElo "2121"]
[PlyCount "87"]
[EventDate "2008.12.06"]
[SourceDate "2008.10.04"]

1. e4 e6 2. d4 d5 3. Nd2 a6 4. Ngf3 Nf6 5. e5 Nfd7 6. Bd3 c5 7. c3 Nc6 8. O-O
Qb6 9. dxc5 Bxc5 10. Qe2 Qc7 11. Nb3 Be7 12. Re1 Nc5 13. Nxc5 Bxc5 14. b4 Be7
15. a3 Bd7 16. c4 dxc4 17. Bxc4 h6 18. Bd3 Na7 19. Be3 Bc6 20. Rac1 O-O 21.
Bxa7 Rxa7 22. Nd4 g6 23. b5 axb5 24. Nxb5 Qa5 25. Nxa7 Qxa7 26. Rc3 Ra8 27. Be4
Qa5 28. Rb3 Qxe5 29. Bxc6 Qxe2 30. Rxe2 bxc6 31. Ra2 Ra4 32. Kf1 Kg7 33. Ke2 c5
34. Rb7 Bf8 35. Rd2 Rxa3 36. Rdd7 Ra2+ 37. Ke3 c4 38. Rxf7+ Kg8 39. Rfc7 Ra8
40. Rxc4 Bd6 41. g3 Kf8 42. Rc6 Rd8 43. Ke4 h5 44. h4 1-0

[Event "4NCL/Div2b/KHE vs. SWD2"]
[Site "Hinckley Island ENG"]
[Date "2008.12.06"]
[Round "3.2"]
[White "Burton, Graham P"]
[Black "McMichael, Richard"]
[Result "0-1"]
[WhiteElo "2087"]
[BlackElo "2262"]
[PlyCount "86"]
[EventDate "2008.12.06"]
[SourceDate "2008.10.04"]

1. e4 e6 2. d4 d5 3. e5 Bd7 4. Nf3 a6 5. Be2 Bb5 6. O-O Ne7 7. Nc3 Bxe2 8. Nxe2
Nf5 9. Ng3 Nxg3 10. hxg3 Be7 11. Be3 Nd7 12. b3 c5 13. c4 cxd4 14. Bxd4 dxc4
15. bxc4 O-O 16. Qb3 Qc7 17. Rab1 Rab8 18. Ba7 Ra8 19. Be3 Rab8 20. Ba7 Ra8 21.
Be3 Rfb8 22. Rfd1 Nc5 23. Qc2 h6 24. Bxc5 Bxc5 25. Qe4 b6 26. Rd3 Rd8 27. Rbd1
Rac8 28. Rxd8+ Rxd8 29. Rxd8+ Qxd8 30. Qc6 a5 31. a4 g6 32. g4 Qd3 33. g5 h5
34. Kh2 Qxc4 35. Qc8+ Kg7 36. Qd8 Bxf2 37. Qf6+ Kg8 38. Qd8+ Kh7 39. Qf6 Qc7
40. Kh3 Kg8 41. g3 Bc5 42. Qf4 Qc6 43. Kh2 Qd5 0-1

[Event "4NCL/Div2b/KHE vs. SWD2"]
[Site "Hinckley Island ENG"]
[Date "2008.12.06"]
[Round "3.3"]
[White "Thomas, Richard H"]
[Black "Thornton, John"]
[Result "1/2-1/2"]
[WhiteElo "2189"]
[BlackElo "2072"]
[PlyCount "80"]
[EventDate "2008.12.06"]
[SourceDate "2008.10.04"]

1. d4 Nf6 2. c4 c5 3. Nf3 g6 4. Nc3 cxd4 5. Nxd4 Nc6 6. g3 Bg7 7. Bg2 O-O 8.
O-O Qb6 9. Nc2 d6 10. Rb1 Be6 11. Ne3 a5 12. Ned5 Qd8 13. Bg5 Bxd5 14. Nxd5
Nxd5 15. Bxd5 Qd7 16. Be3 Nb4 17. a3 Nxd5 18. Qxd5 Qc6 19. Rfc1 Rfc8 20. Qxc6
Rxc6 21. a4 Rac8 22. b3 f5 23. Rd1 Bc3 24. Rd5 b6 25. Kg2 Kf7 26. h3 h5 27. f3
Bb4 28. g4 hxg4 29. fxg4 e6 30. Rd3 e5 31. Bg5 Ke6 32. Rf1 e4 33. Rd5 Rf8 34.
Bc1 Rc5 35. Rdd1 Rf7 36. Be3 Rc6 37. gxf5+ gxf5 38. Bf4 Rc8 39. Kf2 Rh7 40. Rh1
Rch8 1/2-1/2

[Event "4NCL/Div2b/KHE vs. SWD2"]
[Site "Hinckley Island ENG"]
[Date "2008.12.06"]
[Round "3.4"]
[White "Jameson, David"]
[Black "Ward, Julian T"]
[Result "1/2-1/2"]
[WhiteElo "2057"]
[BlackElo "2190"]
[PlyCount "90"]
[EventDate "2008.12.06"]
[SourceDate "2008.10.04"]

1. e4 c5 2. f4 Nc6 3. Nf3 g6 4. Bb5 Nd4 5. Nxd4 cxd4 6. c4 dxc3 7. Nxc3 a6 8.
Be2 Bg7 9. O-O d6 10. Kh1 Nh6 11. d4 f5 12. e5 O-O 13. Be3 Kh8 14. Bf3 e6 15.
a4 Nf7 16. Qe2 d5 17. b4 Rg8 18. Qb2 b6 19. a5 b5 20. Ne2 Bf8 21. Nc1 g5 22.
Bh5 Ra7 23. Bxf7 Rxf7 24. fxg5 Rfg7 25. Rf3 Be7 26. Rg3 h6 27. gxh6 Rxg3 28.
hxg3 Rxg3 29. Bf4 Rg4 30. Qd2 Bxb4 31. Qxb4 Rxf4 32. Nd3 Rh4+ 33. Kg1 Rxh6 34.
Rc1 Bd7 35. Qd6 Kg8 36. Rc7 Qg5 37. Nf2 Rh7 38. Qa3 Qd2 39. Qc1 Qxc1+ 40. Rxc1
Kf7 41. Rc7 Ke8 42. Nd3 Kd8 43. Ra7 Rh4 44. Rxa6 Rxd4 45. Nc5 Ra4 1/2-1/2

[Event "4NCL/Div2b/KHE vs. SWD2"]
[Site "Hinckley Island ENG"]
[Date "2008.12.06"]
[Round "3.5"]
[White "Forbes, Cathy"]
[Black "Miles, Richard"]
[Result "1-0"]
[WhiteElo "2098"]
[BlackElo "2050"]
[PlyCount "141"]
[EventDate "2008.12.06"]
[SourceDate "2008.10.04"]

1. d4 d5 2. c3 g6 3. Bf4 Nf6 4. e3 Bg7 5. Be2 O-O 6. Nd2 Nbd7 7. h4 Re8 8. Ngf3
c5 9. Ne5 Qb6 10. Qb3 cxd4 11. exd4 Qxb3 12. axb3 Nxe5 13. Bxe5 Nd7 14. Bxg7
Kxg7 15. Ra5 Nb6 16. Bb5 Rd8 17. Nf3 Bf5 18. Kd2 a6 19. Be2 Rac8 20. Ne5 Rc7
21. g4 Be6 22. f4 f6 23. Nd3 Bf7 24. Bf3 Nc8 25. Re1 Na7 26. Raa1 Rd6 27. Re2
Re6 28. Rxe6 Bxe6 29. Nc5 Bf7 30. Re1 Nc6 31. b4 Kf8 32. b3 Kg7 33. g5 Nd8 34.
Bg4 Bg8 35. gxf6+ exf6 36. Re8 Nc6 37. Ne6+ Bxe6 38. Bxe6 Ne7 39. Rd8 Kh6 40.
Bxd5 Nxd5 41. Rxd5 f5 42. c4 Kh5 43. Ke3 Kxh4 44. Kf3 Rf7 45. Re5 g5 46. fxg5
Kxg5 47. d5 h5 48. d6 h4 49. Re8 Kf6 50. Rh8 Kg5 51. Rg8+ Kf6 52. c5 Rh7 53.
Rg1 Ke5 54. Re1+ Kf6 55. Rd1 Ke6 56. Kg2 h3+ 57. Kh2 Kd7 58. Rd3 Rh4 59. b5
axb5 60. Rxh3 Rb4 61. Rh7+ Kc8 62. Rc7+ Kb8 63. Rf7 Kc8 64. Rxf5 Rxb3 65. Rf8+
Kd7 66. Rb8 Kc6 67. Rc8+ Kd7 68. Rc7+ Kd8 69. Rxb7 Kc8 70. c6 Rc3 71. d7+ 1-0

[Event "4NCL/Div2b/KHE vs. SWD2"]
[Site "Hinckley Island ENG"]
[Date "2008.12.06"]
[Round "3.6"]
[White "Bennion, David A"]
[Black "Mackenzie, Colin"]
[Result "0-1"]
[WhiteElo "2047"]
[BlackElo "2112"]
[PlyCount "44"]
[EventDate "2008.12.06"]
[SourceDate "2008.10.04"]

1. d4 e6 2. c4 Nf6 3. Nc3 Bb4 4. Qc2 c5 5. e3 O-O 6. Nf3 d5 7. Bd3 dxc4 8. Bxc4
Qc7 9. dxc5 Qxc5 10. Bb3 b6 11. O-O Bb7 12. Qe2 Ba6 13. Qc2 Bxf1 14. Kxf1 Nbd7
15. e4 Rac8 16. Be3 Qh5 17. e5 Bxc3 18. bxc3 Ng4 19. Bf4 Ndxe5 20. Nxe5 Nxe5
21. Re1 Ng6 22. g3 Rfd8 0-1

[Event "4NCL/Div2b/KHE vs. SWD2"]
[Site "Hinckley Island ENG"]
[Date "2008.12.06"]
[Round "3.7"]
[White "Stevenson, James A B"]
[Black "Llewellyn, David"]
[Result "1-0"]
[WhiteElo "2073"]
[BlackElo "1999"]
[PlyCount "55"]
[EventDate "2008.12.06"]
[SourceDate "2008.10.04"]

1. e4 c5 2. Nc3 Nc6 3. Bb5 Nd4 4. Bc4 g6 5. Nf3 Nxf3+ 6. Qxf3 e6 7. O-O Bg7 8.
d4 cxd4 9. Nb5 d6 10. Bf4 Be5 11. Qg3 f6 12. Rad1 Bxf4 13. Qxf4 e5 14. Qd2 Qb6
15. Qb4 Ke7 16. c3 a6 17. cxd4 axb5 18. dxe5 fxe5 19. Rd5 Ra4 20. Rxe5+ Kd8 21.
Re8+ Kxe8 22. Bxb5+ Ke7 23. Qxa4 Nf6 24. Re1 Ng4 25. Re2 Rf8 26. e5 Nxf2 27.
exd6+ Kd8 28. Qh4+ 1-0

[Event "4NCL/Div2b/KHE vs. SWD2"]
[Site "Hinckley Island ENG"]
[Date "2008.12.06"]
[Round "3.8"]
[White "Wilson, Julie"]
[Black "Haria, Ravi"]
[Result "1-0"]
[WhiteElo "1935"]
[BlackElo "1794"]
[PlyCount "43"]
[EventDate "2008.12.06"]
[SourceDate "2008.10.04"]

1. d4 Nf6 2. c4 c5 3. d5 b5 4. Nf3 g6 5. e3 Bb7 6. Bd3 b4 7. O-O Bg7 8. e4 d6
9. Qe2 O-O 10. Be3 Nbd7 11. h3 e6 12. Nbd2 Ne8 13. Rab1 e5 14. Nh2 f5 15. f4
exf4 16. Rxf4 Be5 17. Rff1 f4 18. Bf2 g5 19. Ng4 h5 20. Nh6+ Kh7 21. Nf5 Ndf6
22. Nf3 1-0

[Event "4NCL/Div2b/CELT1 vs. CHEDP"]
[Site "Hinckley Island ENG"]
[Date "2008.12.06"]
[Round "3.1"]
[White "Wippermann, Till"]
[Black "Grooten, Herman"]
[Result "1/2-1/2"]
[WhiteElo "2459"]
[BlackElo "2376"]
[PlyCount "134"]
[EventDate "2008.12.06"]
[SourceDate "2008.10.04"]

1. e4 c6 2. d4 d5 3. e5 Bf5 4. Nd2 e6 5. Nb3 Nd7 6. Nf3 Ne7 7. Be2 Nc8 8. O-O
Be7 9. h3 O-O 10. Be3 Ncb6 11. Qd2 Qc7 12. c3 Nc4 13. Bxc4 dxc4 14. Nc1 Rad8
15. Qe2 b5 16. a4 Nb6 17. axb5 cxb5 18. Bg5 Nd5 19. Qd2 Rfe8 20. Re1 h6 21.
Bxe7 Rxe7 22. Ne2 a5 23. Nf4 Nxf4 24. Qxf4 b4 25. Nd2 Red7 26. Re3 bxc3 27.
bxc3 Rb8 28. g4 Bd3 29. h4 Rd5 30. Rf3 Rb2 31. Ne4 Rdb5 32. Nd6 Rb1+ 33. Rxb1
Rxb1+ 34. Kh2 a4 35. d5 exd5 36. e6 f6 37. Re3 Be4 38. f3 Qb6 39. Nxc4 dxc4 40.
Qxe4 Qd6+ 41. Kg2 Rb2+ 42. Re2 Rxe2+ 43. Qxe2 Qd3 44. Qb2 Qd6 45. Qe2 Qc6 46.
e7 Kf7 47. e8=Q+ Qxe8 48. Qxc4+ Kf8 49. h5 Qa8 50. Qc5+ Ke8 51. Qb5+ Ke7 52.
Qc5+ Kd7 53. Qf5+ Kd6 54. Qf4+ Ke6 55. Qc4+ Ke7 56. Qc5+ Kf7 57. Qc4+ Kf8 58.
Qc5+ Kg8 59. Qa3 Qc6 60. Qb4 Kf7 61. c4 Qa6 62. c5 a3 63. c6 Qe2+ 64. Kg3 a2
65. Qb7+ Qe7 66. c7 Qe1+ 67. Kh3 Qh1+ 1/2-1/2

[Event "4NCL/Div2b/CELT1 vs. CHEDP"]
[Site "Hinckley Island ENG"]
[Date "2008.12.06"]
[Round "3.2"]
[White "Bellin, Robert"]
[Black "Maciol, Ryszard"]
[Result "1-0"]
[WhiteElo "2405"]
[BlackElo "2237"]
[PlyCount "111"]
[EventDate "2008.12.06"]
[SourceDate "2008.10.04"]

1. d4 Nf6 2. Nf3 e6 3. e3 c5 4. Bd3 d5 5. b3 Bd6 6. Bb2 Nc6 7. O-O O-O 8. a3
Qe7 9. Ne5 Bd7 10. Nd2 Rfd8 11. f4 a6 12. Rf3 b5 13. Rh3 g6 14. dxc5 Bxc5 15.
b4 Bb6 16. Qf3 Rac8 17. Nb3 Be8 18. Qg3 Nxe5 19. Bxe5 Nd7 20. Bb2 f6 21. Qh4
Qg7 22. a4 e5 23. axb5 e4 24. Bf1 Rxc2 25. Bd4 axb5 26. Bxb5 g5 27. fxg5 fxg5
28. Bxg7 gxh4 29. Bd4 Rb8 30. Rxh4 Bxd4 31. Nxd4 Rc7 32. Rg4+ Bg6 33. Bxd7 Rxd7
34. b5 Rc7 35. Rg5 Rc3 36. Kf2 Rc5 37. Ke2 Kf7 38. Rf1+ Ke8 39. Ne6 Rcxb5 40.
Nc7+ Kd7 41. Nxb5 Rxb5 42. Rd1 Ke6 43. Rd2 Rc5 44. Kf2 Bf7 45. h4 h6 46. Rg7
Kf6 47. Rg4 Rc8 48. Rf4+ Ke7 49. Rb2 Rc7 50. Ke2 h5 51. Rf5 Ra7 52. Kf2 Rc7 53.
Kg3 Kd6 54. Kf4 Ra7 55. Rb6+ Kc5 56. Rbf6 1-0

[Event "4NCL/Div2b/CELT1 vs. CHEDP"]
[Site "Hinckley Island ENG"]
[Date "2008.12.06"]
[Round "3.3"]
[White "Kemp, Peter D"]
[Black "Wallace, Paul A"]
[Result "1/2-1/2"]
[WhiteElo "2177"]
[BlackElo "2259"]
[PlyCount "101"]
[EventDate "2008.12.06"]
[SourceDate "2008.10.04"]

1. d4 Nf6 2. Nf3 g6 3. g3 Bg7 4. Bg2 O-O 5. c4 d6 6. O-O Nbd7 7. Nc3 Re8 8. e4
e5 9. h3 c6 10. b3 Qc7 11. Bb2 a6 12. Rc1 exd4 13. Nxd4 Nc5 14. Qc2 a5 15. Rcd1
Qb6 16. Rfe1 a4 17. Nxa4 Nxa4 18. bxa4 Nd7 19. Nb3 Bxb2 20. a5 Qb4 21. Qxb2
Rxa5 22. Qd2 Qxd2 23. Rxd2 Ra4 24. Rxd6 Rxc4 25. Red1 Nc5 26. R6d4 Rxd4 27.
Rxd4 Nxb3 28. axb3 Be6 29. Rb4 b5 30. e5 Rc8 31. f4 Kf8 32. g4 Ke7 33. Kf2 Bd7
34. Rd4 c5 35. Rd3 Be6 36. Ke3 c4 37. bxc4 Bxc4 38. Ra3 Rb8 39. Ra7+ Ke6 40.
Ra6+ Kd7 41. Ra7+ Ke6 42. Bc6 Rd8 43. Rb7 g5 44. Bxb5 gxf4+ 45. Kxf4 Rd4+ 46.
Kg5 Bd5 47. Rb6+ Kxe5 48. Rf6 Be6 49. Rf3 f6+ 50. Rxf6 Bxg4 51. hxg4 1/2-1/2

[Event "4NCL/Div2b/CELT1 vs. CHEDP"]
[Site "Hinckley Island ENG"]
[Date "2008.12.06"]
[Round "3.4"]
[White "Schuurman, Petra"]
[Black "Pedersen, Carsten"]
[Result "1-0"]
[WhiteElo "2324"]
[BlackElo "2157"]
[PlyCount "103"]
[EventDate "2008.12.06"]
[SourceDate "2008.10.04"]

1. d4 Nf6 2. c4 Nc6 3. Nf3 e6 4. a3 d6 5. Nc3 g6 6. e4 Bg7 7. h3 O-O 8. Bg5 h6
9. Be3 Re8 10. Bd3 Nd7 11. Be2 e5 12. d5 Ne7 13. Nd2 f5 14. f3 Nf6 15. g4 fxg4
16. fxg4 g5 17. Qc2 Ng6 18. O-O-O Nf4 19. Nf1 Qe7 20. Ng3 a6 21. Nf5 Bxf5 22.
gxf5 h5 23. Rdg1 Bh6 24. Qd1 Kh7 25. Kb1 Qf7 26. c5 Rg8 27. Bf3 Rab8 28. Ne2
Rbf8 29. cxd6 cxd6 30. Nxf4 gxf4 31. Bf2 Bg5 32. Qb3 Rg7 33. Rc1 h4 34. Qb4 Qe7
35. Rc4 Kh6 36. Rhc1 Rd8 37. Rc7 Rd7 38. Rc8 Rg8 39. Rxg8 Nxg8 40. Rc8 Nf6 41.
Qb6 Ne8 42. Qa7 Rc7 43. Qb8 Rxc8 44. Qxc8 Kg7 45. Be1 Kh6 46. Bb4 Bf6 47. Kc2
Bg7 48. Kd3 Bf8 49. Be1 Kg5 50. f6 Nxf6 51. Qf5+ Kh6 52. Bxh4 1-0

[Event "4NCL/Div2b/CELT1 vs. CHEDP"]
[Site "Hinckley Island ENG"]
[Date "2008.12.06"]
[Round "3.5"]
[White "French, Angus"]
[Black "McKenna, Jason P"]
[Result "0-1"]
[WhiteElo "2131"]
[BlackElo "2142"]
[PlyCount "30"]
[EventDate "2008.12.06"]
[SourceDate "2008.10.04"]

1. e4 g6 2. d4 Bg7 3. Nc3 d6 4. Be3 Nf6 5. Qd2 c6 6. f3 b5 7. g4 h5 8. g5 Nfd7
9. h4 Qa5 10. Nge2 b4 11. Nd1 c5 12. c3 Nc6 13. cxb4 Nxb4 14. Nec3 cxd4 15.
Bxd4 Bxd4 0-1